Statistics for Political Philosophers

Click here to take the quiz!

General Stats

  • This quiz has been taken 123 times
    (118 since last reset)
  • The average score is 13 of 37

Answer Stats

LifeHintAnswer% Correct
ca427bc-ca347bcThe RepublicPlato
93%
1818-1883CapitalKarl Marx
90%
1469-1527The PrinceNiccolò Machiavelli
84%
1588-1679LeviathanThomas Hobbes
83%
1712-1778The Social ContractJean-Jacques Rousseau
81%
384bc-322bcPolitikaAristotle
73%
1632-1704Two Treatises of GovernmentJohn Locke
70%
1743-1826US ConstitutionThomas Jefferson
70%
1921-2002A Theory of JusticeJohn Rawls
58%
1952-The End of HistoryFrancis Fukuyama
52%
1478-1535UtopiaThomas More
52%
1906-1975The Origins of TotalitarianismHannah Arendt
46%
1724-1804Perpetual PeaceImmanuel Kant
41%
1729-1797Reflections on the Revolution in FranceEdmund Burke
38%
1938-2002Anarchy, State and UtopiaRobert Nozick
38%
1949-The Sublime Object of IdeologySlavoj Žižek
36%
1737-1809The Rights of ManThomas Paine
36%
1927-2008The Clash of CivilizationsSamuel P Huntington
30%
1928-communicative rationalityJürgen Habermas
28%
1814-1874Statism and AnarchyMikhail Bakunin
28%
1689-1755Separation of powersMontesquieu
28%
1898-1979the one dimensional manHerbert Marcuse
27%
1928-The Responsibility of IntellectualsNoam Chomsky
23%
1805-1859Democracy in AmericaAlexis de Tocqueville
21%
1931-1994The Society of the SpectacleGuy Debord
21%
1888-1985The concept of the PoliticalCarl Schmitt
19%
1909-1997Two Concepts of LibertyIsaiah Berlin
11%
1918-1990the new (French) MarxLouis Althusser
10%
1899-1992The Use of Knowledge in SocietyFriedrich Hayek
9%
1847-1922defender of violenceGeorge Sorel
8%
1960-EmpireMichael Hardt
7%
1939-Jihad vs. McWorldBenjamin Barber
6%
1925-2017Liquid ModernityZygmunt Bauman
6%
1933-EmpireAntonio Negri
4%
1937-Truth proceduresAlain Badiou
1%
1948-False DawnJohn Gray
1%
1859-1952defender of democracyJohn Dewey
0%

Score Distribution

Percentile by Number Answered

Percent of People with Each Score

Your Score History

You have not taken this quiz since the last reset